[Event "30. Augsburger Friedensfest-Open"]
[Site "Augsburg"]
[Date "2025.08.08"]
[Round "4.29"]
[White "Chua, Daniel James"]
[Black "Hotman, Cagan Arhan"]
[Result "1/2-1/2"]
[WhiteElo "1862"]
[BlackElo "1961"]
[EventDate "2025.08.07"]
[Time "15:30:00"]
[WhiteNrv "1862"]
[BlackNrv "1961"]
[WhiteTwz "1862"]
[BlackTwz "1961"]
[WhiteFideId "34608354"]
[BlackFideId "44565798"]
[WhiteNatFedId "10758008"]
[BlackNatFedId "10804822"]
[WhiteAttr "M"]
[BlackAttr "M"]
[WhiteTeam "SC Garching 1980 e.V."]
[BlackTeam "SK Ingolstadt"]

1.d4 d5 2.c4 c6 3.cxd5 cxd5 4.Bf4 Nc6 5.e3 a6 6.Nc3 Nf6 7.Be2 Bf5 8.Nf3 e6
9.Qb3 Nb4 10.Qa4+ Nd7 11.Rc1 Nd3+ 12.Bxd3 Bxd3 13.Ne5 b5 14.Qd1 Nxe5 15.
Bxe5 Bg6 16.O-O f6 17.Bg3 Bb4 18.Qb3 Qe7 19.a3 Ba5 20.Na2 O-O 21.Nb4 Be8 
22.Nc6 Bxc6 23.Rxc6 Rfc8 24.Qc2 Qd7 25.Rc1 Rxc6 26.Qxc6 Qxc6 27.Rxc6 Kf7 
28.Kf1 Ke7 29.Ke2 Kd7 30.Rd6+ Ke7 31.Rc6 1/2-1/2

[Event "30. Augsburger Friedensfest-Open"]
[Site "Augsburg"]
[Date "2025.08.08"]
[Round "4.30"]
[White "Filin, Denys"]
[Black "Peck, Malcolm"]
[Result "1-0"]
[WhiteElo "1960"]
[BlackElo "1799"]
[EventDate "2025.08.07"]
[Time "15:30:00"]
[WhiteNrv "1960"]
[BlackNrv "1799"]
[WhiteTwz "1960"]
[BlackTwz "1799"]
[WhiteFideId "14173476"]
[BlackFideId "12902756"]
[WhiteNatFedId "10658679"]
[BlackNatFedId "10161218"]
[WhiteAttr "M"]
[BlackAttr "M"]
[WhiteTeam "SK Kriegshaber"]
[BlackTeam "SK Koenigsbrunn"]

1.Nf3 d5 2.d4 Nf6 3.c4 c6 4.e3 e6 5.Nbd2 Be7 6.Bd3 Nbd7 7.e4 dxe4 8.Nxe4 
Nxe4 9.Bxe4 Nf6 10.Bc2 c5 11.O-O cxd4 12.Bg5 h6 13.Bh4 Bc5 14.a3 a5 15.b4 
axb4 16.axb4 Rxa1 17.Qxa1 Bxb4 18.Qa4+ Bd7 19.Qxb4 Qc7 20.Bg3 Nd5 21.cxd5 
Qxc2 22.dxe6 fxe6 23.Nxd4 Qa4 24.Qxa4 Bxa4 25.Ra1 b5 26.Nxb5 Kd7 27.Rxa4 
Kc6 28.Nc3 g5 29.f3 h5 30.Ra6+ Kd7 31.Ne4 h4 32.Be5 1-0

[Event "30. Augsburger Friedensfest-Open"]
[Site "Augsburg"]
[Date "2025.08.08"]
[Round "4.32"]
[White "Eichschmied, Patrick"]
[Black "Pieczka, Kevin"]
[Result "1-0"]
[WhiteElo "1951"]
[BlackElo "1725"]
[EventDate "2025.08.07"]
[Time "15:30:00"]
[WhiteNrv "1951"]
[BlackNrv "1725"]
[WhiteTwz "1951"]
[BlackTwz "1725"]
[WhiteFideId "24683663"]
[BlackFideId "12968072"]
[WhiteNatFedId "10043123"]
[BlackNatFedId "10272131"]
[WhiteAttr "M"]
[BlackAttr "M"]
[WhiteTeam "MTV Ingolstadt"]
[BlackTeam "SV Jedesheim 1921"]

1.e4 c5 2.Nf3 e6 3.g3 d5 4.exd5 exd5 5.d4 cxd4 6.Nxd4 Nc6 7.Bg2 Nf6 8.O-O 
Be7 9.h3 O-O 10.Be3 Re8 11.Nd2 Nxd4 12.Bxd4 Be6 13.Re1 Rc8 14.c3 b6 15.Qa4
Qd7 16.Qxd7 Nxd7 17.Nf3 h6 18.Kh2 Rcd8 19.Rad1 Bf6 20.Bxf6 Nxf6 21.Nd4 a6 
22.a3 Kf8 23.Re2 Rd6 24.Rde1 Bd7 25.Rxe8+ Nxe8 26.Kg1 Nc7 27.Kf1 Ne6 28.
Nf5 Rc6 29.Bxd5 Rc5 30.Ne3 Ng5 31.h4 Nh7 32.Ke2 Nf6 33.Bb7 a5 34.Kd2 Bc6 
35.Bxc6 Rxc6 36.Nf5 Rc5 37.Nd4 Ng4 38.Re2 b5 39.b4 axb4 40.axb4 Rd5 41.Kd3
Rd6 42.f3 Nf6 43.Re5 Nd5 44.Nxb5 Rd7 45.Nd4 f6 46.Re1 Kf7 47.b5 Ne7 48.Kc4
Rc7+ 49.Kb3 Nd5 50.c4 Nb6 51.Nc6 g5 52.hxg5 hxg5 53.c5 Nd5 54.Kc4 1-0

[Event "30. Augsburger Friedensfest-Open"]
[Site "Augsburg"]
[Date "2025.08.08"]
[Round "4.33"]
[White "Iberl, Michael"]
[Black "Oezkurt, Kaan"]
[Result "1-0"]
[WhiteElo "1922"]
[BlackElo "1751"]
[EventDate "2025.08.07"]
[Time "15:30:00"]
[WhiteNrv "1922"]
[BlackNrv "1751"]
[WhiteTwz "1922"]
[BlackTwz "1751"]
[WhiteFideId "4644085"]
[BlackFideId "34655182"]
[WhiteNatFedId "10091886"]
[BlackNatFedId "10722110"]
[WhiteAttr "M"]
[BlackAttr "M"]
[WhiteTeam "SF Dachau 1932 e.V."]
[BlackTeam "SK Freising"]

1.d4 d5 2.Bf4 Nf6 3.e3 Bf5 4.Bd3 Bxd3 5.cxd3 e6 6.Nf3 Bd6 7.Bg5 c6 8.Nc3 
h6 9.Bh4 Be7 10.Ne5 Nfd7 11.Bg3 Nxe5 12.Bxe5 f6 13.Qh5+ Kd7 14.Bg3 Bd6 15.
O-O-O Bxg3 16.hxg3 Qe7 17.Kb1 Na6 18.e4 Nc7 19.Rhe1 Rad8 20.exd5 Nxd5 21.
Rc1 Rhe8 22.Nxd5 cxd5 23.Rc5 Qd6 24.Rec1 Rc8 25.Rxc8 Rxc8 26.Qf7+ Kd8 27.
Qg8+ 1-0

[Event "30. Augsburger Friedensfest-Open"]
[Site "Augsburg"]
[Date "2025.08.08"]
[Round "4.34"]
[White "Roebers, Bregje"]
[Black "Kurka, Christopher-Ulrich"]
[Result "1-0"]
[WhiteElo "2030"]
[BlackElo "1870"]
[EventDate "2025.08.07"]
[Time "15:30:00"]
[WhiteNrv "2030"]
[BlackNrv "1870"]
[WhiteTwz "2030"]
[BlackTwz "1870"]
[WhiteFideId "1085174"]
[BlackFideId "16256328"]
[BlackNatFedId "10121751"]
[WhiteAttr "W"]
[BlackAttr "M"]
[WhiteTeam "?"]
[BlackTeam "Duesseldorfer SK 14/25 e."]

1.e4 c6 2.d4 d5 3.exd5 cxd5 4.Bd3 Nf6 5.h3 Qc7 6.Nf3 g6 7.O-O Bf5 8.Bb5+ 
Nc6 9.Nc3 Bg7 10.Bg5 Rd8 11.Ba4 O-O 12.Bb3 Qa5 13.Bf4 Ne4 14.Ne2 Kh8 15.c3
f6 16.Nd2 Nxd2 17.Bxd2 Qc7 18.Nf4 Qa5 19.Nxd5 e5 20.c4 Qa6 21.Bc3 exd4 22.
Bxd4 Nxd4 23.Qxd4 Be6 24.Rfe1 Bg8 25.Qe3 Bxd5 26.cxd5 f5 27.Re2 Rd6 28.Rc1
b5 29.Rc7 Rb6 30.Qe7 Rg8 31.d6 1-0

[Event "30. Augsburger Friedensfest-Open"]
[Site "Augsburg"]
[Date "2025.08.08"]
[Round "4.35"]
[White "Schreck, Alexander"]
[Black "Schmid, Bernhard"]
[Result "1/2-1/2"]
[WhiteElo "1869"]
[BlackElo "2011"]
[EventDate "2025.08.07"]
[Time "15:30:00"]
[WhiteNrv "1869"]
[BlackNrv "2011"]
[WhiteTwz "1869"]
[BlackTwz "2011"]
[WhiteFideId "1271739"]
[BlackFideId "12915467"]
[WhiteNatFedId "10198594"]
[BlackNatFedId "10191977"]
[WhiteAttr "M"]
[BlackAttr "M"]
[WhiteTeam "Godesberger SK 1929 e. V"]
[BlackTeam "SK Kelheim 1920"]

1.d4 d5 2.Nf3 Nf6 3.c4 c6 4.Nc3 e6 5.g3 dxc4 6.Bg2 Nbd7 7.O-O b5 8.e4 b4 
9.e5 Nd5 10.Ne4 Be7 11.Bg5 O-O 12.Bxe7 Qxe7 13.Nd6 N7b6 14.Qc2 Ba6 15.Rfe1
c3 16.bxc3 bxc3 17.Ne4 Qa3 18.Rec1 Na4 19.Qb3 Qxb3 20.axb3 Bd3 21.Ne1 Bxe4
22.Bxe4 Nab6 23.Nd3 Rfd8 24.Nc5 Nb4 25.Rxc3 Rxd4 26.Rcc1 Nd7 27.Bxc6 
1/2-1/2

[Event "30. Augsburger Friedensfest-Open"]
[Site "Augsburg"]
[Date "2025.08.08"]
[Round "4.36"]
[White "Barsov, Vladislav"]
[Black "Schrimpf, Michael"]
[Result "1/2-1/2"]
[WhiteElo "2005"]
[BlackElo "1863"]
[EventDate "2025.08.07"]
[Time "15:30:00"]
[WhiteNrv "2005"]
[BlackNrv "1863"]
[WhiteTwz "2005"]
[BlackTwz "1863"]
[WhiteFideId "34613757"]
[BlackFideId "1676237"]
[WhiteNatFedId "10722198"]
[BlackNatFedId "10841479"]
[WhiteAttr "M"]
[BlackAttr "M"]
[WhiteTeam "SK Graefelfing"]
[BlackTeam "SF Augsburg"]

1.c4 e5 2.g3 c6 3.d4 e4 4.Bg2 d5 5.Nc3 Nf6 6.Bg5 Nbd7 7.cxd5 cxd5 8.Qa4 
Qb6 9.Qb5 Bb4 10.Qxb6 Nxb6 11.Bd2 Nc4 12.Nxe4 Nxe4 13.Bxb4 Nxb2 14.Rc1 Bd7
15.Rc2 Na4 16.f3 Ng5 17.e4 Bc6 18.h4 Ne6 19.Ne2 Rd8 20.Rd2 Nb6 21.Ba5 Nc4 
22.Bxd8 Nxd2 23.Kxd2 Kxd8 24.Ke3 Ke7 25.Nc3 Nc7 26.Rc1 f6 27.Ne2 Kd6 28.
Nf4 Re8 29.g4 a5 30.Nh5 Re7 31.g5 dxe4 32.fxe4 fxg5 33.hxg5 Rf7 34.Nf4 Re7
35.d5 Be8 36.Kd2 Bb5 37.Rb1 Re5 38.g6 hxg6 39.Nxg6 Rg5 40.Nh4 Rg4 41.Nf5+ 
Ke5 42.Bf3 Rf4 43.Ke3 Bd3 44.Rxb7 Bxe4 45.Bxe4 Rxe4+ 46.Kd3 Nxd5 47.Nxg7 
Rg4 48.Ne8 Rg8 49.Rb5 Rxe8 50.Rxa5 Rc8 51.a3 Rc3+ 52.Kd2 Rh3 53.Ra4 Nf6 
54.Kc2 Ne4 55.Ra8 Kd5 56.a4 Kc4 57.a5 Rh2+ 58.Kd1 Nc3+ 59.Ke1 Kb5 60.a6 
Kb6 61.a7 Na4 62.Re8 Kxa7 63.Re2 Rh4 64.Re7+ Kb6 65.Ke2 Nc5 66.Ke3 Kc6 67.
Rg7 Rh3+ 68.Kf2 Kd5 69.Kg2 Ra3 70.Rg3 Ra2+ 71.Kf3 Ne4 72.Rg8 Nf6 73.Rb8 
Ke5 74.Rb5+ Nd5 75.Rb8 Ra3+ 76.Kg4 Nf6+ 77.Kg5 Rg3+ 78.Kh4 Rg7 79.Rb5+ Kf4
80.Rb4+ Ne4 81.Kh5 Rg1 82.Kh6 Kf5 83.Rb5+ Ke6 84.Rb6+ Nd6 85.Ra6 Ke7 86.
Kh5 Rh1+ 1/2-1/2

[Event "30. Augsburger Friedensfest-Open"]
[Site "Augsburg"]
[Date "2025.08.08"]
[Round "4.37"]
[White "Kaufmann, Ben"]
[Black "Seisenberger, Georg"]
[Result "1-0"]
[WhiteElo "1859"]
[BlackElo "2002"]
[EventDate "2025.08.07"]
[Time "15:30:00"]
[WhiteNrv "1859"]
[BlackNrv "2002"]
[WhiteTwz "1859"]
[BlackTwz "2002"]
[WhiteFideId "34687068"]
[BlackFideId "12903574"]
[WhiteNatFedId "10489709"]
[BlackNatFedId "10206064"]
[WhiteAttr "M"]
[BlackAttr "M"]
[WhiteTeam "SK Sontheim/Brenz e.V."]
[BlackTeam "SV Ilmmuenster"]

1.e4 c5 2.Nf3 e6 3.d4 cxd4 4.Nxd4 Nc6 5.Nc3 Qc7 6.Be3 a6 7.Be2 Nf6 8.a3 b5
9.O-O Bb7 10.f3 Rd8 11.f4 Bc5 12.e5 Nxd4 13.Bxd4 Ne4 14.Nxe4 Bxe4 15.c3 d6
16.Bxc5 Qxc5+ 17.Qd4 Qxd4+ 18.cxd4 dxe5 19.dxe5 Rd2 20.Rfe1 O-O 21.Bf1 Bd5
22.Re2 Rxe2 23.Bxe2 Rc8 24.Rd1 f6 25.exf6 gxf6 26.Rd2 Kf7 27.Kf2 Ke7 28.f5
Bc4 29.fxe6 Kxe6 30.Rc2 Kd6 31.b3 Be6 32.Rxc8 Bxc8 33.Bf3 Be6 34.b4 Bd5 
35.Bg4 Bb7 36.g3 Ke5 37.Ke3 f5 38.Bh5 Bd5 39.Be8 Bb7 40.Bd7 h6 41.h4 Kd5 
42.Bxf5 Kc4 43.Kd2 Kb3 44.g4 Bd5 45.Bc8 Kxa3 46.Kc3 Bf3 47.g5 hxg5 48.hxg5
a5 49.bxa5 b4+ 50.Kd2 b3 51.Bf5 Kb4 52.a6 Kc5 53.g6 Kb6 54.Bd3 Bd5 55.g7 
Bg8 56.Kc3 Bf7 57.Bc4 b2 58.Bd3 b1=Q 59.Bxb1 Kxa6 60.Bd3+ 1-0

[Event "30. Augsburger Friedensfest-Open"]
[Site "Augsburg"]
[Date "2025.08.08"]
[Round "4.38"]
[White "Mittermaier, Johann"]
[Black "Kaufmann, Thorsten"]
[Result "1/2-1/2"]
[WhiteElo "1828"]
[BlackElo "1998"]
[EventDate "2025.08.07"]
[Time "15:30:00"]
[WhiteNrv "1828"]
[BlackNrv "1998"]
[WhiteTwz "1828"]
[BlackTwz "1998"]
[WhiteFideId "16208382"]
[BlackFideId "24647950"]
[WhiteNatFedId "10144722"]
[BlackNatFedId "10101131"]
[WhiteAttr "M"]
[BlackAttr "M"]
[WhiteTeam "SV Deggendorf"]
[BlackTeam "SK Sontheim/Brenz e.V."]

1.e4 e6 2.d3 d5 3.Nd2 c5 4.Ngf3 Nf6 5.g3 Nc6 6.Bg2 Be7 7.O-O b5 8.Re1 Bb7 
9.a3 a5 10.exd5 Nxd5 11.Ne4 h6 12.c4 bxc4 13.dxc4 Nb6 14.Qc2 O-O 15.Be3 
Nd4 16.Bxd4 cxd4 17.Rad1 Qc7 18.Rxd4 e5 19.Rdd1 f5 20.Ned2 e4 21.Nd4 Rf6 
22.Nb5 Qc5 23.b3 Rd8 24.Nf1 Rxd1 25.Rxd1 f4 26.Bxe4 Bxe4 27.Qxe4 fxg3 28.
Nxg3 Qxf2+ 29.Kh1 Qf3+ 30.Qxf3 Rxf3 31.Rb1 a4 32.bxa4 Nxc4 33.Re1 1/2-1/2

[Event "30. Augsburger Friedensfest-Open"]
[Site "Augsburg"]
[Date "2025.08.08"]
[Round "4.39"]
[White "Doebel, Maximilian"]
[Black "Birth, Waldemar"]
[Result "1/2-1/2"]
[WhiteElo "1799"]
[BlackElo "1950"]
[EventDate "2025.08.07"]
[Time "15:30:00"]
[WhiteNrv "1799"]
[BlackNrv "1950"]
[WhiteTwz "1799"]
[BlackTwz "1950"]
[WhiteFideId "34650768"]
[BlackFideId "24640310"]
[WhiteNatFedId "10437353"]
[BlackNatFedId "10016927"]
[WhiteAttr "M"]
[BlackAttr "M"]
[WhiteTeam "SF Augsburg"]
[BlackTeam "SK Rochade Augsburg"]

1.e4 e6 2.d4 d5 3.e5 c5 4.c3 Nc6 5.Nf3 Qb6 6.a3 c4 7.Nbd2 Bd7 8.Rb1 Qc7 9.
Be2 b5 10.O-O Nge7 11.b3 Ng6 12.Re1 a6 13.h4 Be7 14.g3 cxb3 15.h5 Nf8 16.
Qxb3 Na5 17.Qc2 Rc8 18.Bb2 Bc6 19.Nh2 h6 20.Ng4 Nd7 21.f4 Nc4 22.f5 Nxd2 
23.fxe6 Ne4 24.exf7+ Kxf7 25.Rf1+ Kg8 26.Rf3 Rf8 27.Rbf1 Kh7 28.Rf7 Qd8 
29.Bd3 Rxf7 30.Rxf7 Rf8 31.Bxe4+ dxe4 32.Qf2 Kg8 33.e6 Nf6 34.Ne5 Be8 35.
Qf5 Rxf7 36.exf7+ Bxf7 37.Nc6 Qc7 38.Qc8+ Qxc8 39.Nxe7+ Kf8 40.Nxc8 Nxh5 
41.Nd6 Bd5 42.Kf2 Ke7 43.Nf5+ Kf6 44.Ne3 Ke6 45.a4 Nf6 46.axb5 axb5 47.Ba3
h5 48.Bf8 g6 49.Bg7 Nd7 50.g4 Bc4 51.Kg3 Kf7 52.Bh6 Be2 53.gxh5 gxh5 54.
Kf4 Bf3 55.Bg5 Ke6 56.Bd8 Nf8 57.Bg5 Ng6+ 58.Kg3 Kd6 59.Bf6 Nf8 60.Kf4 Ke6
61.Bg5 Kd6 62.Bf6 Ke6 63.Bg5 Nd7 64.Bd8 Kd6 65.Kf5 Nf8 66.Bf6 Ne6 67.Bh4 
b4 68.Nc4+ Kd7 69.Ne5+ Kd6 70.Nc4+ Kd5 71.Ne3+ 1/2-1/2

[Event "30. Augsburger Friedensfest-Open"]
[Site "Augsburg"]
[Date "2025.08.08"]
[Round "4.40"]
[White "Mohm, Marvin"]
[Black "Schultes, Christoph Dr."]
[Result "0-1"]
[WhiteElo "1739"]
[BlackElo "1945"]
[EventDate "2025.08.07"]
[Time "15:30:00"]
[WhiteNrv "1739"]
[BlackNrv "1945"]
[WhiteTwz "1739"]
[BlackTwz "1945"]
[WhiteFideId "34659943"]
[BlackFideId "12905674"]
[WhiteNatFedId "10404202"]
[BlackNatFedId "10201277"]
[WhiteAttr "M"]
[BlackAttr "*"]
[WhiteTeam "SK Koenigsbrunn"]
[BlackTeam "SK Landau-Dingolfing"]

1.e4 c5 2.Nf3 g6 3.c4 Nc6 4.d4 cxd4 5.Nxd4 Nf6 6.Nc3 d6 7.f3 Nxd4 8.Qxd4 
Bg7 9.Be3 O-O 10.Qd2 Be6 11.Be2 a5 12.O-O Nd7 13.Bh6 Bxh6 14.Qxh6 Qb6+ 15.
Kh1 Qxb2 16.Rfc1 Qb6 17.Rab1 Qc6 18.Nd5 Rfe8 19.c5 Bxd5 20.exd5 Qxd5 21.
cxd6 exd6 22.Bc4 Qf5 23.Rxb7 Ne5 24.Bd5 Rab8 25.g4 Nxg4 26.Rxf7 Nxh6 27.
Rxf5+ Kh8 28.Rf6 Nf5 29.Rc7 Rb1+ 0-1

[Event "30. Augsburger Friedensfest-Open"]
[Site "Augsburg"]
[Date "2025.08.08"]
[Round "4.41"]
[White "Holuba, Stefan"]
[Black "Galje, Hans"]
[Result "1/2-1/2"]
[WhiteElo "1736"]
[BlackElo "1934"]
[EventDate "2025.08.07"]
[Time "15:30:00"]
[WhiteNrv "1736"]
[BlackNrv "1934"]
[WhiteTwz "1736"]
[BlackTwz "1934"]
[WhiteFideId "34667520"]
[BlackFideId "1003240"]
[WhiteNatFedId "10088445"]
[WhiteAttr "M"]
[BlackAttr "M"]
[WhiteTeam "SK Caissa Augsburg"]
[BlackTeam "?"]

1.e4 Nf6 2.e5 Nd5 3.Bc4 Nb6 4.Be2 d6 5.f4 dxe5 6.fxe5 Nc6 7.Nf3 g6 8.d4 
Bg7 9.O-O O-O 10.c3 Bf5 11.Qe1 f6 12.Nh4 Bxb1 13.Rxb1 fxe5 14.Rxf8+ Qxf8 
15.Bd3 exd4 16.Nxg6 hxg6 17.Bxg6 Qf6 18.Qg3 e5 19.Be4 Rf8 20.Bg5 Qe6 21.
Qh4 Rf4 22.Bxf4 exf4 23.Bh7+ Kf8 24.Qxf4+ Bf6 25.Rf1 Kg7 26.Be4 dxc3 27.
bxc3 Ne5 28.Bc2 c5 29.Qe4 Nbd7 30.Qh7+ Kf8 31.Qh8+ Ke7 32.Qc8 Qxa2 33.Bf5 
Qd5 34.Re1 Kf7 35.Qc7 Kf8 36.Rf1 1/2-1/2

[Event "30. Augsburger Friedensfest-Open"]
[Site "Augsburg"]
[Date "2025.08.08"]
[Round "4.42"]
[White "Hornung, Hans Dr."]
[Black "Schaad, Simon Ulrich Maria"]
[Result "1-0"]
[WhiteElo "1909"]
[BlackElo "1787"]
[EventDate "2025.08.07"]
[Time "15:30:00"]
[WhiteNrv "1909"]
[BlackNrv "1787"]
[WhiteTwz "1909"]
[BlackTwz "1787"]
[WhiteFideId "4615140"]
[BlackFideId "24697036"]
[WhiteNatFedId "10089462"]
[BlackNatFedId "10253400"]
[WhiteAttr "M"]
[BlackAttr "M"]
[WhiteTeam "SK Klosterlechfeld"]
[BlackTeam "SK Keres-Augsburg 1980"]

1.Nf3 d6 2.d4 f5 3.g3 g6 4.Bg2 Bg7 5.O-O Nf6 6.b3 O-O 7.Bb2 Ne4 8.Nbd2 
Nxd2 9.Qxd2 Nd7 10.Rad1 Nf6 11.c4 Ne4 12.Qc2 Qe8 13.d5 Bxb2 14.Qxb2 e5 15.
dxe6 Qxe6 16.Nd4 Qe7 17.Qc2 a6 18.e3 Bd7 19.Ne2 Rae8 20.Nc3 Bc6 21.Nd5 Qf7
22.Rd4 Ng5 23.h4 Ne6 24.Rdd1 Nc5 25.Rc1 Ne4 26.Rfd1 a5 27.Rd4 Nc5 28.Qd2 
Ne6 29.Qxa5 b6 30.Qd2 Nxd4 31.Qxd4 Ba8 32.a4 h6 33.Ra1 Kh7 34.b4 Bxd5 35.
Bxd5 Qe7 36.Qd1 c5 37.a5 bxa5 38.b5 Qc7 39.Qd2 Ra8 40.Bxa8 Rxa8 41.Qd5 Rf8
42.Qe6 Kg7 43.Rd1 Rf6 44.Qd5 Qb6 45.Qd2 Re6 46.Ra1 Re4 47.Rxa5 Rxc4 48.
Qb2+ Kf7 49.Ra6 Qb8 50.b6 Rb4 51.Ra7+ Ke6 52.Qg7 Kd5 53.Qxg6 Qxb6 54.Qxf5+
Kc4 55.Ra1 Kb5 56.Qd7+ Kc4 57.Qf7+ Kb5 58.Qe8+ Kc4 59.Qe4+ Kb5 60.Qg6 c4 
61.Qxh6 Qc5 62.Qg7 c3 63.Qd7+ Kc4 64.Rc1 Qe5 65.Qf7+ d5 66.Qg6 Rb2 67.Qa6+
Rb5 68.Qa4+ Rb4 69.Qa6+ Rb5 70.Qc6+ Rc5 71.Qa4+ Kd3 72.Rd1+ Ke2 73.Qc2+ 
Kf3 74.Rd4 1-0

[Event "30. Augsburger Friedensfest-Open"]
[Site "Augsburg"]
[Date "2025.08.08"]
[Round "4.43"]
[White "Rybakov, Oleksiy"]
[Black "Schrauder, Ulrich"]
[Result "1/2-1/2"]
[WhiteElo "1637"]
[BlackElo "1876"]
[EventDate "2025.08.07"]
[Time "15:30:00"]
[WhiteNrv "1637"]
[BlackNrv "1876"]
[WhiteTwz "1637"]
[BlackTwz "1876"]
[WhiteFideId "533018120"]
[BlackFideId "16266749"]
[WhiteNatFedId "10879819"]
[BlackNatFedId "10198572"]
[WhiteAttr "*"]
[BlackAttr "M"]
[WhiteTeam "SC Noris-Tarrasch Nuernberg 1873"]
[BlackTeam "TSV Mindelheim"]

1.e4 c5 2.c3 Nf6 3.e5 Nd5 4.d4 cxd4 5.Nf3 e6 6.cxd4 Nc6 7.Bc4 Nb6 8.Bb3 d6
9.O-O dxe5 10.dxe5 Be7 11.Qxd8+ Bxd8 12.Nc3 Bc7 13.Nb5 Bb8 14.Nd6+ Bxd6 
15.exd6 Bd7 16.Be3 f6 17.Rfe1 e5 18.Nd2 Bf5 19.f4 O-O-O 20.fxe5 Nxe5 21.
Rac1+ Kb8 22.Rc7 Rxd6 23.Rxg7 Rd7 24.Rxd7 Nbxd7 25.Bf4 Ka8 26.Bxe5 fxe5 
27.Nc4 e4 28.Nd6 Bg6 29.Bd5 Nf6 30.Bxb7+ Kb8 31.Ba6 Rd8 32.Nc4 Rd5 33.Ne3 
Rc5 34.Rd1 Kc7 35.Bc4 Bh5 36.Rd4 Bg6 37.b3 Kc6 38.a4 a5 39.Bb5+ Kc7 40.Rc4
Kd6 41.Rxc5 Kxc5 42.Kf2 Bf7 43.Bc4 Bxc4 44.Nxc4 Kb4 45.h3 Kxb3 46.Nxa5+ 
Kxa4 47.Nc4 Kb4 48.Nd2 Kc5 49.Ke3 Kd5 50.g4 Ke5 51.Nc4+ Kd5 52.g5 Nd7 53.
Nd2 Nc5 54.h4 Ke5 55.h5 Kf5 56.g6 hxg6 57.h6 Kf6 58.Nxe4+ Nxe4 59.Kxe4 g5 
1/2-1/2

[Event "30. Augsburger Friedensfest-Open"]
[Site "Augsburg"]
[Date "2025.08.08"]
[Round "4.44"]
[White "Hoeller, Armin"]
[Black "Simon, Jonathan"]
[Result "0-1"]
[WhiteElo "1976"]
[BlackElo "1907"]
[EventDate "2025.08.07"]
[Time "15:30:00"]
[WhiteNrv "1976"]
[BlackNrv "1907"]
[WhiteTwz "1976"]
[BlackTwz "1907"]
[WhiteFideId "24651923"]
[BlackFideId "1271653"]
[WhiteNatFedId "10085787"]
[BlackNatFedId "10208573"]
[WhiteAttr "M"]
[BlackAttr "M"]
[WhiteTeam "SK Weilheim e.V."]
[BlackTeam "SK 1928 Moembris"]

1.c4 c5 2.Nf3 Nc6 3.g3 g6 4.Bg2 Bg7 5.Nc3 e5 6.d3 Nge7 7.Rb1 O-O 8.a3 a5 
9.O-O d6 10.Bd2 h6 11.Ne1 Be6 12.Nd5 f5 13.Nc2 Nd4 14.b4 axb4 15.axb4 Bxd5
16.cxd5 b6 17.e3 Nxc2 18.Qxc2 f4 19.bxc5 bxc5 20.Rb7 fxe3 21.Bxe3 Rb8 22.
Rfb1 Rxb7 23.Rxb7 Nf5 24.Bh3 Qa5 25.Bd2 Qa6 26.Qb1 Nd4 27.Kg2 e4 28.Rb6 
Qxd3 29.Qxd3 exd3 30.Bg4 Rd8 31.f4 c4 32.Bd1 h5 33.Kf2 Nf5 34.Rc6 Bd4+ 35.
Kf3 Bc5 36.Bc3 Re8 37.Rxc5 dxc5 38.Be5 Kf7 39.h3 Nd4+ 40.Ke4 Nf5 41.g4 
hxg4 42.hxg4 Nd6+ 43.Kf3 Ke7 44.g5 Ra8 45.Ke3 Ra2 46.Bf6+ Kf7 47.Bg4 Rg2 
48.Bf3 Nf5+ 49.Ke4 Rg1 50.Bc3 Rc1 51.Ba5 Ke7 52.Bg4 Rc2 53.Bf3 Nd6+ 54.Ke3
Ra2 55.Bc3 Nb5 56.Bf6+ Ke8 57.f5 gxf5 58.g6 d2 59.d6 Nxd6 60.Bc3 Ne4 61.
Bh5 Kf8 62.Be5 c3 63.Be2 Ra4 64.Kd3 c4+ 65.Ke3 c2 0-1

[Event "30. Augsburger Friedensfest-Open"]
[Site "Augsburg"]
[Date "2025.08.08"]
[Round "4.45"]
[White "Kapfer, Ulrich"]
[Black "Boehm, Bruno"]
[Result "1/2-1/2"]
[WhiteElo "1952"]
[BlackElo "1848"]
[EventDate "2025.08.07"]
[Time "15:30:00"]
[WhiteNrv "1952"]
[BlackNrv "1848"]
[WhiteTwz "1952"]
[BlackTwz "1848"]
[WhiteFideId "12908371"]
[BlackFideId "4699238"]
[WhiteNatFedId "10099745"]
[BlackNatFedId "10019158"]
[WhiteAttr "M"]
[BlackAttr "M"]
[WhiteTeam "SC Dillingen"]
[BlackTeam "SK Freising"]

1.d4 d5 2.Nf3 c5 3.e3 Nf6 4.b3 Nc6 5.Bb2 Bg4 6.Nbd2 cxd4 7.exd4 e6 8.a3 
Bd6 9.Be2 Rc8 10.O-O O-O 11.Ne5 Bxe2 12.Qxe2 Ne7 13.Rac1 Re8 14.c4 Ng6 15.
Nxg6 hxg6 16.c5 Bb8 17.f4 Nh5 18.g3 Qf6 19.Nf3 Qe7 20.Qd3 Nf6 21.Ng5 Nh5 
22.Rce1 b6 23.b4 Qb7 24.Bc3 Re7 25.Re3 Rce8 26.Rfe1 Qc8 27.Nf3 Nf6 28.Nd2 
Ng4 1/2-1/2

[Event "30. Augsburger Friedensfest-Open"]
[Site "Augsburg"]
[Date "2025.08.08"]
[Round "4.46"]
[White "Gradl, Winfried"]
[Black "Laag, Pascal Benedikt"]
[Result "1-0"]
[WhiteElo "1945"]
[BlackElo "1760"]
[EventDate "2025.08.07"]
[Time "15:30:00"]
[WhiteNrv "1945"]
[BlackNrv "1760"]
[WhiteTwz "1945"]
[BlackTwz "1760"]
[WhiteFideId "4648030"]
[BlackFideId "16256069"]
[WhiteNatFedId "10064910"]
[BlackNatFedId "10591865"]
[WhiteAttr "M"]
[BlackAttr "*"]
[WhiteTeam "SAbt TuS Fuerstenfeldbruck"]
[BlackTeam "SK Zweibruecken"]

1.d4 Nf6 2.c4 c5 3.d5 e6 4.Nc3 exd5 5.cxd5 d6 6.e4 g6 7.h3 Bg7 8.Nf3 O-O 
9.Be3 Nbd7 10.Nd2 a6 11.a4 b6 12.Be2 Rb8 13.O-O Ne8 14.Qc2 f5 15.exf5 Rxf5
16.Bd3 Rf8 17.f4 Ndf6 18.f5 Bxf5 19.Bxf5 gxf5 20.Bg5 Qd7 21.Rxf5 h6 22.Bh4
Nh7 23.Rxf8+ Nxf8 24.Re1 Nf6 25.Nde4 Nxe4 26.Qxe4 Be5 27.Rf1 b5 28.axb5 
axb5 29.Bf6 b4 30.Bxe5 dxe5 31.Nd1 Qg7 32.Qc4 Qd7 33.Ne3 Rc8 34.Ng4 Kh8 
35.Nxh6 Qg7 36.Nf7+ Kh7 37.Qh4+ Kg8 38.Nh6+ Kh8 39.Rf7 Ng6 40.Qg5 1-0

[Event "30. Augsburger Friedensfest-Open"]
[Site "Augsburg"]
[Date "2025.08.08"]
[Round "4.47"]
[White "Haselbeck, Franz"]
[Black "Stempfle, Tobias"]
[Result "0-1"]
[WhiteElo "1931"]
[BlackElo "1746"]
[EventDate "2025.08.07"]
[Time "15:30:00"]
[WhiteNrv "1931"]
[BlackNrv "1746"]
[WhiteTwz "1931"]
[BlackTwz "1746"]
[WhiteFideId "1270356"]
[BlackFideId "24698482"]
[WhiteNatFedId "10075444"]
[BlackNatFedId "10215172"]
[WhiteAttr "M"]
[BlackAttr "M"]
[WhiteTeam "SV Deggendorf"]
[BlackTeam "SC Garching 1980 e.V."]

1.Nf3 Nf6 2.g3 b6 3.Bg2 Bb7 4.O-O e6 5.d3 d5 6.Nbd2 c5 7.Re1 Be7 8.e4 Nc6 
9.c3 O-O 10.e5 Nd7 11.Nf1 b5 12.h4 a5 13.Bf4 a4 14.Qe2 a3 15.b3 Qa5 16.
Rac1 b4 17.c4 dxc4 18.dxc4 Rfd8 19.Rcd1 Nf8 20.Ng5 Qc7 21.Nf3 Ng6 22.Bc1 
Rxd1 23.Qxd1 Rd8 24.Qe2 Nd4 25.Nxd4 Rxd4 26.Bxb7 Qxb7 27.h5 Nf8 28.Be3 Rd8
29.Nd2 Qc7 30.Bf4 Qd7 31.Ne4 Qd3 32.Qg4 Kh8 33.h6 gxh6 34.Bxh6 Ng6 35.Ng5 
Kg8 36.Qh5 Qd2 37.Re2 Qd1+ 38.Kg2 Rd2 39.Rxd2 Qxh5 0-1

[Event "30. Augsburger Friedensfest-Open"]
[Site "Augsburg"]
[Date "2025.08.08"]
[Round "4.48"]
[White "Lohr, Alexander"]
[Black "Fridlin, Daniel"]
[Result "1-0"]
[WhiteElo "1692"]
[BlackElo "1770"]
[EventDate "2025.08.07"]
[Time "15:30:00"]
[WhiteNrv "1692"]
[BlackNrv "1770"]
[WhiteTwz "1692"]
[BlackTwz "1770"]
[WhiteFideId "16297865"]
[BlackFideId "34602763"]
[WhiteNatFedId "10578753"]
[BlackNatFedId "10723898"]
[WhiteAttr "M"]
[BlackAttr "M"]
[WhiteTeam "FC Ergolding 1932 e.V."]
[BlackTeam "SC Noris-Tarrasch Nuernberg 1873"]

1.d4 Nf6 2.Nf3 g6 3.g3 Bg7 4.Bg2 d6 5.O-O O-O 6.b3 c5 7.Bb2 Nc6 8.c4 Qc7 
9.Re1 Bf5 10.e3 Nb4 11.Re2 d5 12.a3 Na6 13.cxd5 Bg4 14.h3 Bf5 15.Nc3 cxd4 
16.Nxd4 Bd7 17.Rc1 Qb6 18.Rec2 Nc5 19.Rd2 e5 20.dxe6 Nxe6 21.Nxe6 Bxe6 22.
Na4 Qb5 23.Nc5 Rac8 24.Nxe6 fxe6 25.Rxc8 Rxc8 26.Rd8+ Rxd8 27.Qxd8+ Kf7 
28.Qc7+ Kf8 29.Qc8+ Kf7 30.Qxb7+ Qxb7 31.Bxb7 1-0